Hikayat Luqman Al-Hakim : (Record no. 2321)

000 -LEADER
fixed length control field nam a22 a 4500
003 - CONTROL NUMBER IDENTIFIER
control field AKMAL
005 - DATE AND TIME OF LATEST TRANSACTION
control field 20170516094431.0
008 - FIXED-LENGTH DATA ELEMENTS--GENERAL INFORMATION
fixed length control field 170516t2006 my g o000 0 may d
020 ## - INTERNATIONAL STANDARD BOOK NUMBER
International Standard Book Number 9789679312058
020 ## - INTERNATIONAL STANDARD BOOK NUMBER
International Standard Book Number 9789679311990 (kkt.)
039 #9 - LEVEL OF BIBLIOGRAPHIC CONTROL AND CODING DETAIL [OBSOLETE]
Level of rules in bibliographic description 201106271430
Level of effort used to assign nonsubject heading access points manoriah
Level of effort used to assign subject headings 201106200911
Level of effort used to assign classification noraini_y
Level of effort used to assign subject headings 201106200857
Level of effort used to assign classification noraini_y
Level of effort used to assign subject headings 201106200855
Level of effort used to assign classification noraini_y
040 ## - CATALOGING SOURCE
Original cataloging agency AKMAL
082 04 - DEWEY DECIMAL CLASSIFICATION NUMBER
Classification number 398.2 HIK
Edition number 22
090 20 - LOCALLY ASSIGNED LC-TYPE CALL NUMBER (OCLC); LOCAL CALL NUMBER (RLIN)
Classification number (OCLC) (R) ; Classification number, CALL (RLIN) (NR) 398.2
Local cutter number (OCLC) ; Book number/undivided call number, CALL (RLIN) HIK
245 00 - TITLE STATEMENT
Title Hikayat Luqman Al-Hakim :
Remainder of title transliterasi dari manuskrip Melayu lama
260 ## - PUBLICATION, DISTRIBUTION, ETC.
Place of publication, distribution, etc. Kuala Lumpur :
Name of publisher, distributor, etc. Perpustakaan Negara Malaysia,
Date of publication, distribution, etc. 2006
300 ## - PHYSICAL DESCRIPTION
Extent 25ms. ;
Dimensions 23cm.
500 ## - GENERAL NOTE
General note Teks dalam tulisan jawi
500 ## - GENERAL NOTE
General note Mengandungi contoh teks manuskrip asal Hikayat Luqman al-Hakim 2975 mss
650 10 - SUBJECT ADDED ENTRY--TOPICAL TERM
Topical term or geographic name entry element Folk literature
9 (RLIN) 4845
650 20 - SUBJECT ADDED ENTRY--TOPICAL TERM
Topical term or geographic name entry element Manuscripts, Malay
9 (RLIN) 848
710 2# - ADDED ENTRY--CORPORATE NAME
Corporate name or jurisdiction name as entry element Perpustakaan Negara Malaysia
9 (RLIN) 743
942 ## - ADDED ENTRY ELEMENTS (KOHA)
Source of classification or shelving scheme
Koha item type Book
Holdings
Withdrawn status Lost status Source of classification or shelving scheme Damaged status Not for loan Collection code Home library Current library Shelving location Date acquired Inventory number Total Checkouts Full call number Barcode Date last seen Price effective from Koha item type
          NON-FICTION AKMAL Melaka AKMAL Melaka PINJAMAN 16.05.2017 304944   398.2 HIK 201706634 16.05.2017 16.05.2017 Book
Pusat Sumber Maklumat Dato' Haji Sarmin Md Hussin, Akademi Kastam Diraja Malaysia, Melaka
Tel: 06-2331106 | Faks: 06-2313787